| 000 | 00944nam a22003377a 4500 | ||
|---|---|---|---|
| 001 | BR2013000081 | ||
| 003 | BR-BrBNA | ||
| 005 | 20230928104114.0 | ||
| 007 | ta | ||
| 008 | 230509b bl.||||| |||| 00| 0 por d | ||
| 040 |
_aBR-BrBNA _bpor _cBiblioteca Nacional de Agricultura |
||
| 041 | _a(Por) | ||
| 072 |
_aL01 _b5212 |
||
| 090 | _ 5212 BR2013000081 | ||
| 100 | 1 | _aMoreira, R.M. | |
| 100 | 1 | _aStamato, B. (org.) | |
| 110 | 1 |
_aInstituto Giramundo Mutuando, Botucatu, SP (Brasil) _96370 |
|
| 245 | 1 |
_aPecuária leiteira ecológica na agricultura familiar _bCadernos Agroecológicos 6 |
|
| 260 | 3 |
_aBotucatu, SP (Brasil): _c2009. |
|
| 300 | _a51 p. | ||
| 500 | _a10 ref.; 37 illus | ||
| 650 | _aGADO LEITEIRO | ||
| 650 | _aAGRICULTURA FAMILIAR | ||
| 650 | _aORDENHA | ||
| 650 | _aLEGISLAÇÃO | ||
| 650 | _aHIGIENE | ||
| 650 | _aREFRIGERAÇÃO | ||
| 650 | _aLEITE | ||
| 909 |
_a202309 _bLucia _c55 _dLucia Elande |
||
| 942 | _cBK | ||
| 999 |
_c78150 _d78150 |
||